000 00781nam a2200217Ia 4500
003 GCL
008 140319s9999 xx 000 0 ara d
040 _aGCL /
_cGCL
082 0 4 _aد
_b050
100 1 _aعلى حسين السليمان الناصر
245 1 0 _aنظريات التعلم: دراسة مقارنة الجزء الثانى (عالم المعرفة 108) /
_cعلى حسين السليمان الناصر
700 1 _aعطية محمود (مراجع)
700 1 _aغازدا، جورج
700 1 _aعلى حسين
300 _a294 ص
490 _aعالم المعرفة
_v0
650 0 4 _aالتعليم
650 0 4 _aالتعليم - وسائل سمعية و بصرية
650 0 4 _aالتعليم - الطرق التجريبية
942 _2ddc
_cBK
999 _c50334
_d50334